000 01303nam0a22003011 4500
001 rc\2262886
005 20110829183716.5
035 _a(NLR Aleph) 006658191
090 _a4866169
_c4866169
100 _a20110829d1978 |||y0rusy50 ca
101 0 _arus
_aeng
102 _aRU
105 _ay z |||||
200 1 _aНаучно-технический прогресс и перспективы развития приполярной медицины
_eДокл. на 4 Междунар. симпоз. по приполяр. медицине, Новосибирск, 2-7 окт. 1978 г.
_fВ.П. Казначеев, Г.В. Акерблом, Н.П. Бычихин и др.
210 _aНовосибирск
_cБ. и.
_d1978
215 _a38 с.
_d21
300 _aТекст парал. на рус. и англ. яз.
701 1 _aАкерблом
_bГ. К.
701 1 _aБычихин
_bН. П.
701 1 _aКазначеев
_bВ. П.
_gВлаиль Петрович
712 1 2 _aМеждународный симпоз. по приполярной медицине
_d4
_f1978
_eНовосибирск
801 0 _aRU
_bNLR
_gpsbo
801 1 _aRU
_bELAR
_2rusmarc
852 _aNLR
_j79-4/658
899 _aRuMoRGB
_jБ 78-15/96
899 _aRuMoRGB
_jБ 78-15/98
942 _cBOOK
980 _aNB